000 00542nam a22001697a 4500
005 20251108165248.0
008 250721s1986 xx 000 0 ara d
082 1 4 _a629.4/أحم
100 1 _aفراج، أحمد ضياء الدين
245 1 0 _aالصواريخ في الحرب و السلام /
264 1 _aالقاهرة :
_bالهيئة المصرية العامة للكتاب،
_c1986.
300 _a99ص : مص
650 1 7 _aالصواريخ
650 1 7 _aالأقمار الصناعية
942 _2ddc
_cBK
999 _c23537
_d23537